|
|
|
|
| LEADER |
00000nab a2200000 a 4500 |
| 001 |
vtls008157259 |
| 003 |
SK-MaSNL |
| 005 |
20260304020334.0 |
| 008 |
250115c2004 xo |||||||| |000 b|hun |
| 015 |
|
|
|a SNBRB2005/05
|2 snkbucl
|
| 038 |
|
|
|a SNKBUCL
|
| 040 |
|
|
|a DSZK
|b slo
|c DSZK
|e AACR2
|
| 041 |
0 |
|
|a hun
|
| 044 |
|
|
|a xo
|c SK
|
| 080 |
|
|
|a 821.511.141 (437.6)-1=511.141
|2 UDC-MRF-SK2
|
| 100 |
1 |
|
|a Ravasz, Myrtil
|d 1982-
|4 aut
|9 1062261
|
| 245 |
1 |
0 |
|a [Versek]
|c Ravasz Myrtil ; illusztrálta Csorján Melitta
|
| 300 |
|
|
|b Obr.
|
| 500 |
|
|
|a Blok obsahuje 7 básní
|
| 655 |
|
7 |
|a maďarská poézia
|2 snkbucl
|9 70602
|
| 700 |
1 |
|
|a Csorján, Melitta
|4 ill
|9 562914
|
| 740 |
0 |
2 |
|a Egy átlagos szombat reggel a dobozházban
|
| 740 |
0 |
2 |
|a Önámítás
|
| 740 |
0 |
2 |
|a Vége (?)
|
| 740 |
0 |
2 |
|a Esszenciák
|
| 740 |
0 |
2 |
|a Közöny
|
| 740 |
0 |
2 |
|a Kezed
|
| 740 |
0 |
2 |
|a Nyomodban
|
| 773 |
0 |
|
|t Szőrös kő
|g Évf. 10, sz. 1 (2005), o. 26-28
|x 1335-6321
|
| 850 |
|
|
|a Slovenská národná knižnica
|
| 852 |
|
|
|a Slovenská národná knižnica
|
| 958 |
|
|
|a HU
|
| 958 |
|
|
|a SK
|
| 958 |
|
|
|a LX
|
| 999 |
|
|
|c 2598144
|d 2600074
|